MARC

LEADER 00000nam0a2200000 4500
001 51632
005 20231031040315.0
035 |a (RuTPU)RU\TPU\book\54056 
090 |a 51632 
100 |a 20030506d1984 km y0rusy50 ca 
101 0 |a rus 
102 |a RU 
105 |a y z 000zy 
200 1 |a Правила техники безопасности при эксплуатации тепломеханического оборудования электростанций и тепловых сетей  |f Министерство энергетики и электрификации СССР; Управление по технике безопасности и промышленной санитарии 
210 |a Москва  |c Энергоатомиздат  |d 1984 
215 |a 232 с. 
300 |a Утв. 5 ноября 1983 г. 
610 1 |a электрические станции 
610 1 |a тепловые сети 
610 1 |a тепломеханическое оборудование 
610 1 |a эксплуатация 
610 1 |a энергетическое оборудование 
610 1 |a безопасность 
610 1 |a безопасный труд 
610 1 |a правила 
610 1 |a техника безопасности 
675 |a 621.311.22.002.5-7  |v 3 
712 0 1 |a СССР  |b Министерство энергетики и электрификации (Минэнерго)  |b Управление по технике безопасности и промышленной санитарии  |c (1962-1991)  |2 stltpush  |3 (RuTPU)RU\TPU\col\2702 
801 1 |a RU  |b 63413507  |c 20030506  |g PSBO 
801 2 |a RU  |b 63413507  |c 20150817  |g PSBO 
942 |c BK